Nanowires : (Record no. 51381)

MARC details
000 -LEADER
fixed length control field 00537nam a2200205Ia 4500
005 - DATE AND TIME OF LATEST TRANSACTION
control field 20260429111916.0
008 - FIXED-LENGTH DATA ELEMENTS--GENERAL INFORMATION
fixed length control field 260429s9999||||xx |||||||||||||| ||und||
020 ## - INTERNATIONAL STANDARD BOOK NUMBER
International Standard Book Number 9789360846947
041 ## - LANGUAGE CODE
Language English
082 ## - DEWEY DECIMAL CLASSIFICATION NUMBER
Classification number 620.5
Item number MAY
100 ## - MAIN ENTRY--PERSONAL NAME
Personal name Maya, Sheikh
245 #0 - TITLE STATEMENT
Title Nanowires :
Remainder of title complete handbook /
Statement of responsibility, etc Sheikh Maya
260 ## - PUBLICATION, DISTRIBUTION, ETC. (IMPRINT)
Place of publication, distribution, etc New Delhi :
Name of publisher, distributor, etc Wordpen Academics,
Date of publication, distribution, etc 2025.
300 ## - PHYSICAL DESCRIPTION
Extent viii, 127 p.; hb
650 ## - SUBJECT ADDED ENTRY--TOPICAL TERM
Topical term or geographic name as entry element Nanotechnology
650 ## - SUBJECT ADDED ENTRY--TOPICAL TERM
Topical term or geographic name as entry element Nanowires
650 ## - SUBJECT ADDED ENTRY--TOPICAL TERM
Topical term or geographic name as entry element Engineering
700 ## - ADDED ENTRY--PERSONAL NAME
Personal name Ahamad, Zahra
942 ## - ADDED ENTRY ELEMENTS (KOHA)
Koha item type Text Books
Holdings
Withdrawn status Lost status Damaged status Not for loan Collection code Home library Location Shelving location Date of Cataloging Source of acquisition Total Checkouts Full call number Barcode Date last seen Price effective from Koha item type
        Non-fiction CUTN Central Library CUTN Central Library Medicine, Technology & Management 29/04/2026 Shanti Books, Chennai - Invoice No. 3100 on 09-02-2026   620.5 MAY 56339 29/04/2026 29/04/2026 Text Books